[Event "Rapid 2018"]
[Site "Saint-Petersburg"]
[Date "2018.12.27"]
[Round "10"]
[Board "48"]
[White "Najer Evgeniy (RUS)"]
[Black "Potapov Pavel (RUS)"]
[Result "1/2-1/2"]
[LiveChessVersion "1.4.8"]
[BlackElo "2541"]
[WhiteElo "2653"]

1. e4 {[%clk 0:15:18]} c5 {[%clk 0:15:17]} 2. Nf3 {[%clk 0:15:24]} Nc6
{[%clk 0:15:26]} 3. Bb5 {[%clk 0:15:33]} g6 {[%clk 0:15:34]} 4. O-O
{[%clk 0:14:43]} Bg7 {[%clk 0:15:42]} 5. c3 {[%clk 0:14:51]} Nf6 {[%clk 0:15:28]}
6. Qa4 {[%clk 0:15:00]} O-O {[%clk 0:15:12]} 7. d4 {[%clk 0:15:04]} cxd4
{[%clk 0:13:42]} 8. cxd4 {[%clk 0:15:12]} Nxe4 {[%clk 0:09:20]} 9. d5
{[%clk 0:15:18]} Nc5 {[%clk 0:09:27]} 10. Qa3 {[%clk 0:11:36]} Qb6
{[%clk 0:09:13]} 11. Nc3 {[%clk 0:11:42]} Nd4 {[%clk 0:08:48]} 12. Nxd4
{[%clk 0:11:49]} Bxd4 {[%clk 0:08:55]} 13. Bh6 {[%clk 0:11:57]} d6
{[%clk 0:08:48]} 14. Bxf8 {[%clk 0:11:38]} Kxf8 {[%clk 0:08:56]} 15. Rad1
{[%clk 0:11:37]} Be5 {[%clk 0:08:40]} 16. b4 {[%clk 0:09:36]} Nd7
{[%clk 0:07:04]} 17. Be2 {[%clk 0:09:01]} Bg7 {[%clk 0:05:41]} 18. Na4
{[%clk 0:08:36]} Qd8 {[%clk 0:05:41]} 19. Bg4 {[%clk 0:06:33]} b6
{[%clk 0:03:57]} 20. Nc3 {[%clk 0:05:38]} Bb7 {[%clk 0:03:55]} 21. Rc1
{[%clk 0:05:14]} h5 {[%clk 0:03:32]} 22. Be2 {[%clk 0:05:06]} a6 {[%clk 0:03:33]}
23. Rfd1 {[%clk 0:04:38]} Kg8 {[%clk 0:03:09]} 24. Ne4 {[%clk 0:04:22]} b5
{[%clk 0:03:02]} 25. Qb3 {[%clk 0:03:19]} Nb6 {[%clk 0:02:55]} 26. Bf3
{[%clk 0:02:48]} Nc4 {[%clk 0:02:59]} 27. Be2 {[%clk 0:02:41]} Nb6
{[%clk 0:03:06]} 28. h4 {[%clk 0:02:16]} e6 {[%clk 0:02:19]} 29. Qg3
{[%clk 0:00:46]} Bxd5 {[%clk 0:02:05]} 30. Nxd6 {[%clk 0:00:48]} Qe7
{[%clk 0:02:00]} 31. Bf3 {[%clk 0:00:42]} Rd8 {[%clk 0:01:55]} 32. Bxd5
{[%clk 0:00:38]} Nxd5 {[%clk 0:01:55]} 33. Ne4 {[%clk 0:00:29]} Qxb4
{[%clk 0:02:00]} 34. Qf3 {[%clk 0:00:31]} Qe7 {[%clk 0:01:39]} 35. g3
{[%clk 0:00:40]} b4 {[%clk 0:01:42]} 36. Rc6 {[%clk 0:00:34]} a5 {[%clk 0:01:47]}
37. Ra6 {[%clk 0:00:36]} Qc7 {[%clk 0:01:41]} 38. Ng5 {[%clk 0:00:42]} Rf8
{[%clk 0:00:50]} 39. Kg2 {[%clk 0:00:35]} Bh6 {[%clk 0:00:50]} 40. Ne4
{[%clk 0:00:21]} Bg7 {[%clk 0:00:57]} 41. Ng5 {[%clk 0:00:27]} Bh6
{[%clk 0:01:04]} 42. Ne4 {[%clk 0:00:36]} Bg7 {[%clk 0:01:11]} 43. Ng5
{[%clk 0:00:32]} Bh6 {[%clk 0:01:18]} 1/2-1/2

[Event "Rapid 2018"]
[Site "Saint-Petersburg"]
[Date "2018.12.27"]
[Round "10"]
[Board "49"]
[White "Demchenko Anton (RUS)"]
[Black "Kevlishvili Robby (NED)"]
[Result "1/2-1/2"]
[LiveChessVersion "1.4.8"]
[BlackElo "2451"]
[WhiteElo "2651"]

1. e4 {[%clk 0:15:19]} c5 {[%clk 0:15:13]} 2. Nf3 {[%clk 0:15:25]} d6
{[%clk 0:15:21]} 3. d4 {[%clk 0:15:34]} cxd4 {[%clk 0:15:29]} 4. Qxd4
{[%clk 0:15:42]} a6 {[%clk 0:15:25]} 5. Be2 {[%clk 0:15:50]} Nc6 {[%clk 0:15:29]}
6. Qe3 {[%clk 0:15:58]} Bg4 {[%clk 0:15:35]} 7. O-O {[%clk 0:16:00]} Nf6
{[%clk 0:15:42]} 8. Rd1 {[%clk 0:15:35]} Nd7 {[%clk 0:14:31]} 9. c4
{[%clk 0:15:09]} e6 {[%clk 0:12:31]} 10. Nc3 {[%clk 0:14:20]} Be7
{[%clk 0:12:36]} 11. b3 {[%clk 0:14:17]} O-O {[%clk 0:12:32]} 12. Bb2
{[%clk 0:13:08]} Qa5 {[%clk 0:11:13]} 13. a3 {[%clk 0:09:52]} Bxf3
{[%clk 0:10:24]} 14. Bxf3 {[%clk 0:09:20]} Rac8 {[%clk 0:10:15]} 15. Be2
{[%clk 0:07:51]} Qb6 {[%clk 0:09:48]} 16. Qxb6 {[%clk 0:07:46]} Nxb6
{[%clk 0:09:57]} 17. Rab1 {[%clk 0:07:12]} Na5 {[%clk 0:09:39]} 18. Bc1
{[%clk 0:06:45]} Nd7 {[%clk 0:09:07]} 19. Bd2 {[%clk 0:06:19]} Nc6
{[%clk 0:07:55]} 20. Be3 {[%clk 0:06:27]} Rfd8 {[%clk 0:07:16]} 21. f4
{[%clk 0:06:31]} Bf6 {[%clk 0:06:09]} 22. Na2 {[%clk 0:06:34]} Nc5
{[%clk 0:05:33]} 23. e5 {[%clk 0:06:17]} Be7 {[%clk 0:05:38]} 24. exd6
{[%clk 0:06:11]} Rxd6 {[%clk 0:05:41]} 25. Rxd6 {[%clk 0:06:16]} Bxd6
{[%clk 0:05:50]} 26. b4 {[%clk 0:06:25]} Ne4 {[%clk 0:05:44]} 27. Bf3
{[%clk 0:06:21]} Nf6 {[%clk 0:05:47]} 28. Rd1 {[%clk 0:06:05]} Bf8
{[%clk 0:05:52]} 29. Nc1 {[%clk 0:05:22]} Ne8 {[%clk 0:04:51]} 30. c5 Nf6
{[%clk 0:04:24]} 31. Nb3 {[%clk 0:04:28]} Rd8 {[%clk 0:04:21]} 32. Rxd8
{[%clk 0:04:06]} Nxd8 {[%clk 0:04:30]} 33. Bd4 {[%clk 0:03:33]} Nd5
{[%clk 0:04:24]} 34. f5 {[%clk 0:03:30]} Nc6 {[%clk 0:04:29]} 35. Bb2
{[%clk 0:02:53]} Be7 {[%clk 0:04:25]} 36. Kf2 {[%clk 0:02:32]} Kf8
{[%clk 0:04:04]} 37. Bg4 {[%clk 0:02:27]} Bf6 {[%clk 0:03:35]} 38. Bxf6
{[%clk 0:02:34]} Nxf6 {[%clk 0:03:44]} 39. Bf3 {[%clk 0:02:44]} Ke7
{[%clk 0:03:35]} 40. fxe6 {[%clk 0:02:43]} fxe6 {[%clk 0:03:27]} 41. Nd2
{[%clk 0:02:35]} Nd5 {[%clk 0:03:03]} 42. Nc4 {[%clk 0:02:44]} Kd7
{[%clk 0:03:03]} 43. Be4 {[%clk 0:02:47]} g6 {[%clk 0:02:56]} 44. h4
{[%clk 0:02:43]} Nd4 {[%clk 0:02:21]} 45. g4 {[%clk 0:02:29]} Nb5
{[%clk 0:01:43]} 46. g5 {[%clk 0:02:23]} Nbc3 {[%clk 0:01:25]} 47. Bd3
{[%clk 0:02:09]} Nf4 {[%clk 0:01:13]} 48. Bc2 {[%clk 0:02:17]} Ncd5
{[%clk 0:01:10]} 49. Kf3 {[%clk 0:02:22]} Nh5 {[%clk 0:00:55]} 50. Nd6
{[%clk 0:01:07]} b6 {[%clk 0:00:50]} 51. Ne4 {[%clk 0:00:55]} a5 {[%clk 0:00:46]}
52. b5 {[%clk 0:00:19]} bxc5 {[%clk 0:00:45]} 53. Nxc5+ {[%clk 0:00:28]} Kd6
{[%clk 0:00:54]} 54. Ne4+ {[%clk 0:00:33]} Ke5 {[%clk 0:00:52]} 55. Bb3
{[%clk 0:00:30]} Nb6 {[%clk 0:00:53]} 56. Nd2 {[%clk 0:00:23]} a4
{[%clk 0:00:45]} 57. Nc4+ {[%clk 0:00:19]} Kd4 {[%clk 0:00:43]} 58. Nxb6
{[%clk 0:00:27]} axb3 {[%clk 0:00:52]} 59. Na4 {[%clk 0:00:36]} Kd5
{[%clk 0:00:50]} 60. b6 {[%clk 0:00:41]} Kc6 {[%clk 0:01:00]} 61. b7
{[%clk 0:00:21]} Kxb7 62. Nc5+ Kc6 {[%clk 0:01:18]} 63. Nxb3 {[%clk 0:00:40]} Ng7
{[%clk 0:01:23]} 64. Ke4 {[%clk 0:00:36]} Nf5 {[%clk 0:01:10]} 65. Nd4+
{[%clk 0:00:45]} Kd6 {[%clk 0:01:07]} 66. Nf3 {[%clk 0:00:54]} e5
{[%clk 0:01:11]} 67. Nd2 {[%clk 0:00:19]} Nxh4 {[%clk 0:00:40]} 68. Nc4+
{[%clk 0:00:27]} Kc5 {[%clk 0:00:50]} 69. Nxe5 {[%clk 0:00:35]} Nf5
{[%clk 0:00:58]} 70. Ng4 {[%clk 0:00:40]} Nd6+ {[%clk 0:01:01]} 71. Kf4
{[%clk 0:00:35]} Kb5 {[%clk 0:00:53]} 72. Nh6 {[%clk 0:00:28]} Ka4
{[%clk 0:00:50]} 73. Ke5 {[%clk 0:00:36]} Nc4+ {[%clk 0:00:57]} 74. Kf6
{[%clk 0:00:42]} Nd2 {[%clk 0:01:06]} 75. Kg7 {[%clk 0:00:38]} Ne4
{[%clk 0:01:13]} 76. Kxh7 {[%clk 0:00:48]} Nxg5+ {[%clk 0:01:21]} 77. Kxg6
{[%clk 0:00:57]} Kxa3 {[%clk 0:01:30]} 78. Kxg5 {[%clk 0:01:06]} 1/2-1/2

[Event "Rapid 2018"]
[Site "Saint-Petersburg"]
[Date "2018.12.27"]
[Round "10"]
[Board "50"]
[White "Adly Ahmed (EGY)"]
[Black "Zhigalko Andrey (BLR)"]
[Result "1-0"]
[LiveChessVersion "1.4.8"]
[BlackElo "2523"]
[WhiteElo "2630"]

1. d4 {[%clk 0:15:17]} Nf6 {[%clk 0:15:19]} 2. Nf3 {[%clk 0:15:26]} d5
{[%clk 0:15:28]} 3. g3 {[%clk 0:15:29]} c5 {[%clk 0:15:36]} 4. Bg2
{[%clk 0:15:36]} cxd4 {[%clk 0:15:44]} 5. O-O {[%clk 0:15:43]} h6
{[%clk 0:15:53]} 6. Nxd4 {[%clk 0:15:38]} e5 {[%clk 0:16:01]} 7. Nf3
{[%clk 0:15:44]} Nc6 {[%clk 0:15:40]} 8. b3 {[%clk 0:15:53]} Bc5 {[%clk 0:13:54]}
9. Bb2 {[%clk 0:15:45]} Qe7 {[%clk 0:13:19]} 10. c4 {[%clk 0:15:25]} d4
{[%clk 0:12:40]} 11. Ne1 {[%clk 0:14:59]} e4 {[%clk 0:05:17]} 12. f3
{[%clk 0:11:10]} d3+ {[%clk 0:03:12]} 13. Kh1 {[%clk 0:11:18]} dxe2
{[%clk 0:02:28]} 14. Qxe2 {[%clk 0:11:26]} Nd4 {[%clk 0:02:37]} 15. Qd1
{[%clk 0:10:44]} e3 {[%clk 0:02:15]} 16. Nc3 {[%clk 0:10:50]} Bf5
{[%clk 0:00:51]} 17. b4 {[%clk 0:10:59]} O-O-O {[%clk 0:00:23]} 18. bxc5
{[%clk 0:11:07]} e2 {[%clk 0:00:31]} 19. Nxe2 {[%clk 0:11:07]} Nxe2
{[%clk 0:00:39]} 20. Qa4 {[%clk 0:11:07]} Qxc5 {[%clk 0:00:42]} 21. Ba3
{[%clk 0:10:49]} Qd4 {[%clk 0:00:20]} 22. Nc2 {[%clk 0:10:52]} Qd7
{[%clk 0:00:20]} 23. Qb3 {[%clk 0:10:50]} Qd3 {[%clk 0:00:20]} 24. Ne3
{[%clk 0:10:59]} Qxb3 {[%clk 0:00:19]} 25. axb3 {[%clk 0:11:08]} Be6
{[%clk 0:00:15]} 26. Be7 {[%clk 0:11:08]} Rd3 {[%clk 0:00:15]} 27. Rxa7
{[%clk 0:11:10]} Rxe3 {[%clk 0:00:12]} 28. Bxf6 {[%clk 0:11:18]} Kb8
{[%clk 0:00:13]} 29. Rfa1 {[%clk 0:11:22]} gxf6 {[%clk 0:00:14]} 30. Ra8+
{[%clk 0:11:31]} Kc7 {[%clk 0:00:23]} 31. Rxh8 {[%clk 0:11:40]} Rxb3
{[%clk 0:00:21]} 32. Rxh6 {[%clk 0:11:48]} f5 {[%clk 0:00:28]} 33. c5
{[%clk 0:11:30]} Rc3 {[%clk 0:00:25]} 34. Rh4 {[%clk 0:10:51]} Rxc5
{[%clk 0:00:19]} 35. Re1 {[%clk 0:10:56]} Nc3 {[%clk 0:00:20]} 36. Rh7
{[%clk 0:10:59]} Kd6 {[%clk 0:00:19]} 37. Rh4 {[%clk 0:10:41]} b5
{[%clk 0:00:22]} 38. Bf1 {[%clk 0:10:46]} Nd5 {[%clk 0:00:15]} 39. Rb1
{[%clk 0:10:44]} Nc3 {[%clk 0:00:12]} 40. Rb2 {[%clk 0:10:43]} Bd5
{[%clk 0:00:14]} 41. Rf4 {[%clk 0:10:33]} Nd1 {[%clk 0:00:11]} 42. Rb1
{[%clk 0:10:09]} Nc3 {[%clk 0:00:19]} 43. Ra1 {[%clk 0:10:15]} Ke5
{[%clk 0:00:13]} 44. Re1+ {[%clk 0:10:05]} Kf6 {[%clk 0:00:19]} 45. Kg1
{[%clk 0:09:55]} Be6 {[%clk 0:00:21]} 46. Rb4 {[%clk 0:10:03]} Bc4
{[%clk 0:00:16]} 47. Bxc4 {[%clk 0:07:48]} bxc4 {[%clk 0:00:25]} 48. Rb6+
{[%clk 0:07:57]} Kg7 {[%clk 0:00:33]} 49. Rd6 {[%clk 0:08:06]} Nb5
{[%clk 0:00:29]} 50. Rd7 {[%clk 0:08:10]} c3 {[%clk 0:00:31]} 51. Rc1
{[%clk 0:08:13]} f4 {[%clk 0:00:26]} 52. gxf4 {[%clk 0:08:11]} Rc4
{[%clk 0:00:17]} 53. Kf2 {[%clk 0:07:45]} Nd4 {[%clk 0:00:12]} 54. Ke3
{[%clk 0:06:52]} Nb3 {[%clk 0:00:19]} 55. Rc2 {[%clk 0:06:59]} Na1
{[%clk 0:00:13]} 56. Kd3 {[%clk 0:07:06]} Rxf4 {[%clk 0:00:18]} 57. Rg2+
{[%clk 0:06:53]} Kf6 {[%clk 0:00:18]} 58. Kxc3 {[%clk 0:07:01]} Rxf3+
{[%clk 0:00:25]} 59. Rd3 {[%clk 0:07:10]} Rxd3+ {[%clk 0:00:29]} 60. Kxd3
{[%clk 0:07:19]} Nb3 {[%clk 0:00:38]} 61. Kc4 {[%clk 0:07:26]} Na5+
{[%clk 0:00:44]} 62. Kd5 {[%clk 0:07:35]} Nb7 {[%clk 0:00:43]} 63. Rg8
{[%clk 0:07:31]} Ke7 {[%clk 0:00:36]} 64. h4 {[%clk 0:07:39]} Nd6
{[%clk 0:00:26]} 65. h5 {[%clk 0:07:22]} Nf5 {[%clk 0:00:17]} 66. Ke5
{[%clk 0:07:18]} Nh6 {[%clk 0:00:23]} 67. Rh8 {[%clk 0:07:26]} f6+
{[%clk 0:00:16]} 68. Kf4 {[%clk 0:07:30]} Nf7 {[%clk 0:00:20]} 69. Ra8
{[%clk 0:07:32]} Nh6 {[%clk 0:00:16]} 70. Rh8 {[%clk 0:07:25]} Nf7
{[%clk 0:00:21]} 71. Rg8 {[%clk 0:07:33]} Ke6 {[%clk 0:00:11]} 72. Rg7
{[%clk 0:07:31]} Nh6 {[%clk 0:00:12]} 73. Rg6 {[%clk 0:07:40]} Nf7
{[%clk 0:00:14]} 74. h6 {[%clk 0:07:47]} Ng5 {[%clk 0:00:11]} 75. Rg7
{[%clk 0:07:52]} Nf7 {[%clk 0:00:12]} 76. h7 {[%clk 0:07:57]} Nh8
{[%clk 0:00:18]} 77. Rg8 {[%clk 0:08:05]} 1-0

[Event "Rapid 2018"]
[Site "Saint-Petersburg"]
[Date "2018.12.27"]
[Round "10"]
[Board "51"]
[White "Oganian Miran (RUS)"]
[Black "Amin Bassem (EGY)"]
[Result "0-1"]
[LiveChessVersion "1.4.8"]
[BlackElo "2630"]
[WhiteElo "2506"]

1. d4 {[%clk 0:15:19]} Nf6 {[%clk 0:15:18]} 2. c4 {[%clk 0:15:27]} g6
{[%clk 0:15:26]} 3. Nc3 {[%clk 0:15:36]} Bg7 {[%clk 0:15:35]} 4. e4
{[%clk 0:15:41]} d6 {[%clk 0:15:44]} 5. Nf3 {[%clk 0:15:50]} O-O {[%clk 0:15:53]}
6. Be2 {[%clk 0:15:59]} e5 {[%clk 0:16:01]} 7. Be3 {[%clk 0:16:08]} Ng4
{[%clk 0:16:03]} 8. Bg5 {[%clk 0:16:16]} f6 {[%clk 0:16:13]} 9. Bh4
{[%clk 0:16:25]} Nc6 {[%clk 0:16:21]} 10. d5 {[%clk 0:16:33]} Ne7
{[%clk 0:16:30]} 11. Nd2 {[%clk 0:16:37]} h5 {[%clk 0:16:38]} 12. h3
{[%clk 0:16:37]} Nh6 {[%clk 0:16:47]} 13. g4 {[%clk 0:16:46]} hxg4
{[%clk 0:16:23]} 14. hxg4 {[%clk 0:16:54]} c5 {[%clk 0:15:47]} 15. g5
{[%clk 0:16:02]} fxg5 {[%clk 0:15:44]} 16. Bxg5 {[%clk 0:16:09]} Nf7
{[%clk 0:15:51]} 17. Be3 {[%clk 0:15:57]} Bf6 {[%clk 0:15:50]} 18. Rg1
{[%clk 0:13:50]} Kg7 {[%clk 0:15:39]} 19. Nf1 {[%clk 0:13:27]} Rh8
{[%clk 0:15:47]} 20. Qd2 {[%clk 0:13:27]} a6 {[%clk 0:15:51]} 21. Ng3
{[%clk 0:13:17]} Kf8 {[%clk 0:15:44]} 22. O-O-O {[%clk 0:12:51]} b5
{[%clk 0:15:35]} 23. Rdf1 {[%clk 0:11:48]} Bh3 {[%clk 0:15:42]} 24. Re1
{[%clk 0:11:56]} bxc4 {[%clk 0:14:14]} 25. Bxc4 {[%clk 0:11:58]} Rb8
{[%clk 0:14:16]} 26. Rh1 {[%clk 0:11:32]} Rh4 {[%clk 0:13:15]} 27. Rh2
{[%clk 0:11:20]} Ng8 {[%clk 0:10:49]} 28. Bxa6 {[%clk 0:09:45]} Bd7
{[%clk 0:09:29]} 29. Rxh4 {[%clk 0:09:31]} Bxh4 {[%clk 0:09:38]} 30. Rg1
{[%clk 0:09:31]} Nf6 {[%clk 0:08:41]} 31. f3 {[%clk 0:07:24]} Nh7
{[%clk 0:08:22]} 32. Nf1 {[%clk 0:06:13]} Bg5 {[%clk 0:07:54]} 33. Be2
{[%clk 0:05:56]} Qf6 {[%clk 0:07:52]} 34. Bxg5 {[%clk 0:05:32]} Nhxg5
{[%clk 0:07:58]} 35. Qe3 {[%clk 0:05:34]} Kg7 {[%clk 0:07:46]} 36. Rh1
{[%clk 0:05:08]} Nh3 {[%clk 0:07:25]} 37. Nd2 {[%clk 0:05:10]} Nf4
{[%clk 0:07:20]} 38. Bf1 {[%clk 0:05:05]} Ng5 {[%clk 0:07:11]} 39. Ne2
{[%clk 0:04:44]} Nf7 {[%clk 0:04:27]} 40. Nc4 {[%clk 0:03:26]} Bb5
{[%clk 0:04:05]} 41. Nxf4 {[%clk 0:02:32]} exf4 {[%clk 0:03:38]} 42. Qc3
{[%clk 0:02:35]} Qxc3+ {[%clk 0:03:21]} 43. bxc3 {[%clk 0:02:44]} Bxc4
{[%clk 0:03:27]} 44. Bxc4 {[%clk 0:02:52]} Ne5 {[%clk 0:03:36]} 45. Be2
{[%clk 0:02:59]} g5 {[%clk 0:03:43]} 46. Kc2 {[%clk 0:02:31]} Ra8
{[%clk 0:03:49]} 47. Kb3 {[%clk 0:02:31]} c4+ {[%clk 0:03:53]} 48. Kb2
{[%clk 0:02:26]} Kg6 {[%clk 0:03:53]} 49. Rh3 {[%clk 0:01:42]} Rb8+
{[%clk 0:04:01]} 50. Kc2 {[%clk 0:01:48]} Rf8 {[%clk 0:04:10]} 51. Rh1
{[%clk 0:01:00]} Ra8 {[%clk 0:02:32]} 52. Kb2 {[%clk 0:01:03]} g4
{[%clk 0:02:12]} 53. fxg4 {[%clk 0:01:11]} f3 {[%clk 0:02:21]} 54. Bf1
{[%clk 0:01:12]} Kg5 {[%clk 0:02:26]} 55. Rh5+ {[%clk 0:00:37]} Kf4
{[%clk 0:02:32]} 56. Rh6 {[%clk 0:00:25]} Nd3+ {[%clk 0:02:23]} 57. Ka1
{[%clk 0:00:21]} Ra3 {[%clk 0:02:28]} 58. Rxd6 {[%clk 0:00:13]} Rxc3
{[%clk 0:02:36]} 59. Bxd3 cxd3 {[%clk 0:02:42]} 60. Kb2 {[%clk 0:00:23]} d2
{[%clk 0:02:39]} 0-1

[Event "Rapid 2018"]
[Site "Saint-Petersburg"]
[Date "2018.12.27"]
[Round "10"]
[Board "52"]
[White "Kovalev Vladislav (BLR)"]
[Black "Al-Sayed Mohammed (QAT)"]
[Result "1-0"]
[LiveChessVersion "1.4.8"]
[BlackElo "2419"]
[WhiteElo "2624"]

1. e4 {[%clk 0:15:19]} c5 {[%clk 0:15:18]} 2. Be2 {[%clk 0:15:28]} Nc6
{[%clk 0:15:13]} 3. d3 {[%clk 0:15:37]} Nf6 {[%clk 0:14:40]} 4. f4
{[%clk 0:15:46]} Nd4 {[%clk 0:13:35]} 5. Nf3 {[%clk 0:15:54]} Nxe2
{[%clk 0:13:43]} 6. Qxe2 {[%clk 0:16:03]} e6 {[%clk 0:13:52]} 7. b3
{[%clk 0:14:09]} d5 {[%clk 0:13:54]} 8. Bb2 {[%clk 0:14:18]} Be7 {[%clk 0:13:31]}
9. O-O {[%clk 0:14:24]} d4 {[%clk 0:13:14]} 10. Nbd2 {[%clk 0:14:20]} b6
{[%clk 0:12:45]} 11. a4 {[%clk 0:14:29]} Bb7 {[%clk 0:12:48]} 12. Nc4
{[%clk 0:14:35]} O-O {[%clk 0:12:46]} 13. c3 {[%clk 0:11:54]} dxc3
{[%clk 0:12:43]} 14. Bxc3 {[%clk 0:12:03]} Qc7 {[%clk 0:11:38]} 15. Nfe5
{[%clk 0:11:58]} Nd7 {[%clk 0:10:13]} 16. Qg4 {[%clk 0:11:34]} f5
{[%clk 0:10:16]} 17. Qh3 {[%clk 0:10:41]} Nxe5 {[%clk 0:10:07]} 18. Bxe5
{[%clk 0:10:45]} Qd7 {[%clk 0:10:12]} 19. Rad1 {[%clk 0:10:25]} Rad8
{[%clk 0:10:02]} 20. Rfe1 {[%clk 0:08:36]} Bf6 {[%clk 0:09:19]} 21. Nd6
{[%clk 0:08:32]} Bc6 {[%clk 0:08:42]} 22. exf5 {[%clk 0:07:20]} exf5
{[%clk 0:08:49]} 23. d4 {[%clk 0:06:55]} cxd4 {[%clk 0:06:53]} 24. Rxd4
{[%clk 0:07:04]} Bxe5 {[%clk 0:06:53]} 25. Rxe5 {[%clk 0:07:11]} Be4
{[%clk 0:04:26]} 26. Qc3 {[%clk 0:06:27]} Qc6 {[%clk 0:01:52]} 27. Qxc6
{[%clk 0:06:35]} Bxc6 {[%clk 0:02:01]} 28. Nxf5 {[%clk 0:06:42]} Rxd4
{[%clk 0:01:59]} 29. Nxd4 {[%clk 0:06:50]} Bd7 {[%clk 0:02:08]} 30. Rd5
{[%clk 0:04:51]} Bc8 {[%clk 0:02:17]} 31. g3 {[%clk 0:04:36]} Kf7
{[%clk 0:02:22]} 32. Kf2 {[%clk 0:04:32]} Bg4 {[%clk 0:01:38]} 33. Nc6
{[%clk 0:03:05]} Be6 {[%clk 0:01:33]} 34. Nd8+ {[%clk 0:01:42]} Ke7
{[%clk 0:01:42]} 35. Nxe6 {[%clk 0:01:51]} Kxe6 {[%clk 0:01:51]} 36. Re5+
{[%clk 0:01:53]} Kd6 {[%clk 0:02:00]} 37. Rg5 {[%clk 0:01:37]} Rf7
{[%clk 0:01:57]} 38. Ke3 {[%clk 0:01:40]} Rc7 {[%clk 0:01:27]} 39. Kd4
{[%clk 0:01:41]} Ke6 {[%clk 0:01:32]} 40. g4 {[%clk 0:01:08]} Rf7
{[%clk 0:01:02]} 41. Re5+ {[%clk 0:01:12]} Kd6 {[%clk 0:01:11]} 42. f5
{[%clk 0:01:16]} Kc7 {[%clk 0:00:27]} 43. Re6 {[%clk 0:00:56]} Kd7
{[%clk 0:00:22]} 44. Kd5 {[%clk 0:00:34]} Rf8 {[%clk 0:00:31]} 45. Rd6+
{[%clk 0:00:32]} Kc7 {[%clk 0:00:40]} 46. b4 {[%clk 0:00:32]} Re8
{[%clk 0:00:40]} 47. Re6 {[%clk 0:00:39]} Rd8+ {[%clk 0:00:46]} 48. Ke5
{[%clk 0:00:48]} Rd7 {[%clk 0:00:33]} 49. g5 {[%clk 0:00:56]} 1-0